Normal view
MARC view
- Organizational behavior
Entry Topical Term
001 - CONTROL NUMBER
- control field: 2796
003 - CONTROL NUMBER IDENTIFIER
- control field: OSt
005 - DATE AND TIME OF LATEST TRANSACTION
- control field: 20170509144431.0
008 - FIXED-LENGTH DATA ELEMENTS
- fixed length control field: 170509|| aca||aabn | a|a d
040 ## - CATALOGING SOURCE
- Original cataloging agency: OSt
- Transcribing agency: OSt
150 ## - HEADING--TOPICAL TERM
- Topical term or geographic name entry element: Organizational behavior
- General subdivision: Case studies.
670 ## - SOURCE DATA FOUND
- Source citation: Work cat.: (OSt): Mainiero, Lisa A. 2795, Developing managerial skills in organizational behavior, 1994.

PORTAL AKMAL
E-MEL JKDM
AKMAL2U
G-BAM
u-PUSTAKA